| 000 | 00592nam a2200145Ia 4500 | ||
|---|---|---|---|
| 008 | 140724s9999 xx 000 0 und d | ||
| 050 |
_aBT 736.4 _b.M332 2013 |
||
| 100 | _aAycardo, Jenny Jane Ma A. | ||
| 245 |
_aLevels of positive and negative indicators of sibling relationship among selected college freshmen of Southville International School and Colleges AY 2011-2012 / _cJenny Jane A. Ma. Aycardo. |
||
| 260 |
_aLas PiƱas, Philippines : _bSouthville International School and Colleges, _cc2013. |
||
| 300 |
_a43 p. : _c28 cm. |
||
| 521 | _aPsychology | ||
| 942 | _cTH | ||
| 999 |
_c229096 _d229096 |
||